Kadra reprezentacji Norwegii na Mistrzostwa Świata 2026 - Statystyki

Ogólne statystyki
  • Ten quiz został rozwiązany 10 razy
  • Średni wynik to 9 z 26
Statystyki odpowiedzi
Pozycja Klub Zawodnik % Poprawnych
Napastnik Atletico Madryt Alexander Sørloth
100%
Napastnik Manchester City Erling Haaland
100%
Pomocnik Arsenal Martin Ødegaard
100%
Pomocnik Rangers Thelo Aasgaard
100%
Obrońca BVB Julian Ryerson
80%
Pomocnik RB Lipsk Antonio Nusa
60%
Pomocnik Bodø/Glimt Patrick Berg
60%
Napastnik Crystal Palace Jørgen Strand Larsen
50%
Bramkarz Sevilla Ørjan Nyland
40%
Pomocnik Benfica Andreas Schjelderup
30%
Obrońca Genoa Leo Østigård
30%
Pomocnik Fulham Oscar Bobb
30%
Pomocnik Benfica Fredrik Aursnes
20%
Pomocnik Fulham Sander Berge
20%
Obrońca Wolverhampton David Møller Wolfe
10%
Bramkarz Watford Egil Selvik
10%
Obrońca Bodø/Glimt Fredrik Bjørkan
10%
Pomocnik Bodø/Glimt Jens Petter Hauge
10%
Obrońca Brentford Kristoffer Ajer
10%
Pomocnik Cremonese Morten Thorsby
10%
Obrońca Viking FK Henrik Falchener
0%
Pomocnik Sassuolo Kristian Thorstvedt
0%
Obrońca Torino Marcus Pedersen
0%
Bramkarz Hamburg Sander Tangvik
0%
Obrońca Derby County Sondre Langås
0%
Obrońca Bologna Torbjørn Heggem
0%
Nie znaleziono quizów pasujących do podanych kryteriów
Rozkład punktacji
Procent ludzi z każdym wynikiem
Percentyl według liczby udzielonych odpowiedzi
Twoja historia wyników
Nie rozwiązałeś tego quizu